Business in candidate countries facts and figures

Saved in:
Bibliographic Details
Corporate Authors: European Commission, Eurostat
Format: Book
Language:English
Published: Luxembourg Office for Official Publications of the European Communities 2002
Series:Theme 4: Industry, trade and services
Subjects:
Tags: Add Tag
No Tags, Be the first to tag this record!

MARC

LEADER 00000nam$a2200000$$$4500
001 0004518
005 20240318114141.5
020 |a 92-894-4190-9 
041 0 |a eng 
044 |a LU 
245 1 0 |a Business in candidate countries  |b facts and figures 
264 1 |a Luxembourg  |b Office for Official Publications of the European Communities  |c 2002 
300 |a 143 s. 
490 1 |a Theme 4: Industry, trade and services 
830 0 |a Theme 4: Industry, trade and services 
610 2 0 |a integrácia ekonomická medzinárodná 
610 2 0 |a obchod 
610 2 0 |a podnikanie 
610 2 0 |a priemysel 
610 2 0 |a výroba 
610 2 0 |a služby 
610 2 0 |a energia 
610 2 0 |a potraviny 
610 2 0 |a textil 
610 2 0 |a drevo 
610 2 0 |a papier 
610 2 0 |a výrobky chemické 
610 2 0 |a kovy 
610 2 0 |a stroje 
610 2 0 |a doprava 
610 2 0 |a stavebníctvo 
610 2 0 |a turistika 
610 2 0 |a údaje štatistické 
610 2 0 |a Európa 
610 2 0 |a Európska únia 
610 2 0 |a 1995-1999 
710 2 |a European Commission 
710 2 |a Eurostat